00710 2200241 4500001002100000005001500021035002000036007000300056008004100059020002200100082000800122084001400130100002300144245011100167260004200278300003700320700002300357700000900380504002900389600002800418990001100446990001100457INLIS00000000000431820191024102115 a0010-1019000170ta191024 g 1 ind  a978-979-29-6776-0 a613 a613 DWI g0 aDWI, Setianingtyas1 aGigi :bMerawat dan Menjaga Kesehatan Gigi dan Mulut /cDwi Setianingtyas, Agam Ferry Erwana, editor, Maya aYogyakarta :bRapha Publishing,c2018 aviii, 105 hlm :bilust. ;c23 cm0 aAGAM, Ferry Erwana0 aMAYA aBibliografi: 103-105 hlm 4aKESEHATAN. MERAWAT GIGI a7061 a a7061 b